Diskontní prodejny v ČR

Nástup hypermarketov v českom maloobchode. Cena za nízke ceny. Prečo zostali diskontné predajne bokom.

Salvato in:
Dettagli Bibliografici
Autore principale: Škapa, Radoslav
Natura: Capitolo di libro
Lingua:ceco
Soggetti:
Tags: Aggiungi Tag
Nessun Tag, puoi essere il primo ad aggiungerne!!

MARC

LEADER 00000naa$a2200000$$$4500
001 0014865
005 20211005130812.6
041 0 |a cze 
044 |a SK 
245 1 0 |a Diskontní prodejny v ČR  |c Radoslav Škapa 
520 |a Nástup hypermarketov v českom maloobchode. Cena za nízke ceny. Prečo zostali diskontné predajne bokom. 
610 2 0 |a Česko 
610 2 0 |a predajne diskontné 
100 1 |a Škapa, Radoslav